Genocidal nightmares: narratives of insecurity and the logic of mass atrocities
-д хадгалсан:
| Үндсэн зохиолч: | |
|---|---|
| Формат: | Ном |
| Хэл сонгох: | англи |
| Хэвлэсэн: |
Nueva York
Bloomsbury Publishing Inc
2015
|
| Хэвлэл: | 1a. ed |
| Нөхцлүүд: | |
| Шошгууд: |
Шошго нэмэх
Шошго байхгүй, Энэхүү баримтыг шошголох эхний хүн болох!
|
MARC
| LEADER | 00000cam a2200000 a 4500 | ||
|---|---|---|---|
| 001 | UCC9413 | ||
| 003 | CL-VaPUC | ||
| 008 | 190927e20150000us |||||||||||||||||eng|d | ||
| 020 | |a 9781501320231 | ||
| 082 | 0 | 4 | |a 364.151 |b ELA |2 21 |
| 100 | 0 | |a El-Affendi, Abdelwahab |e author |9 604465 | |
| 245 | 1 | 0 | |a Genocidal nightmares: narratives of insecurity and the logic of mass atrocities |
| 250 | |a 1a. ed | ||
| 300 | |a 247 p | ||
| 942 | |c BK | ||
| 945 | |d 20190927 15:31:00 |a dcastane | ||
| 260 | |a Nueva York |b Bloomsbury Publishing Inc |c 2015 | ||
| 650 | 0 | |a Genocidio |9 323090 | |
| 650 | 0 | |a Derechos humanos |9 223025 | |
| 583 | |a last modification |c 20190927 15:31:00 |k Rodrigo Vera | ||
| 999 | |c 375594 |d 375592 | ||
| 952 | |0 0 |1 0 |3 erb |4 0 |6 364_151000000000000_ELA_2015 |7 0 |8 WP_COW |9 561417 |a BIBDER |b BIBDER |e Fundación W and P Cowley |i 5601908 |o 364.151 ELA 2015 |p 5601908 |r 2023-01-25 |w 2020-03-12 |y BK |z Catalogado en:20190927 |k WPC | ||